The role of HRCT in the evaluation of different smoking related lung diseases in correlation to the patient's clinical data and pulmonary function tests / (رقم التسجيلة. 54927)

تفاصيل مارك
000 -LEADER
fixed length control field 01813cam a2200337 a 4500
003 - CONTROL NUMBER IDENTIFIER
control field EG-GiCUC
005 - DATE AND TIME OF LATEST TRANSACTION
control field 20250223031422.0
008 - FIXED-LENGTH DATA ELEMENTS--GENERAL INFORMATION
fixed length control field 160204s2015 ua h f m 000 0 eng d
040 ## - CATALOGING SOURCE
Original cataloging agency EG-GiCUC
Language of cataloging eng
Transcribing agency EG-GiCUC
041 0# - LANGUAGE CODE
Language code of text/sound track or separate title eng
049 ## - LOCAL HOLDINGS (OCLC)
Holding library Deposite
097 ## - Thesis Degree
Thesis Level Ph.D
099 ## - LOCAL FREE-TEXT CALL NUMBER (OCLC)
Classification number Cai01.11.31.Ph.D.2015.Am.R
100 0# - MAIN ENTRY--PERSONAL NAME
Personal name Amira Aly Mohamed
245 14 - TITLE STATEMENT
Title The role of HRCT in the evaluation of different smoking related lung diseases in correlation to the patient's clinical data and pulmonary function tests /
Statement of responsibility, etc. Amira Aly Mohamed ; Supervised Yousriah Yahia Sabri , Irene Mohamed Sabry
246 15 - VARYING FORM OF TITLE
Title proper/short title دور الاشعة المقطعية عالية الوضوح فى تقييم أمراض الرئة المختلفة المتعلقة بالتدخين مقارنة بالمظاهر الإكلينيكية ووظائف الرئة
260 ## - PUBLICATION, DISTRIBUTION, ETC.
Place of publication, distribution, etc. Cairo :
Name of publisher, distributor, etc. Amira Aly Mohamed ,
Date of publication, distribution, etc. 2015
300 ## - PHYSICAL DESCRIPTION
Extent 110 P. :
Other physical details facsimiles ;
Dimensions 25cm
502 ## - DISSERTATION NOTE
Dissertation note Thesis (Ph.D.) - Cairo University - Faculty of Medicine- Department of Radio-diagnosis
520 ## - SUMMARY, ETC.
Summary, etc. HRCT together with the appropriate clinical evaluation and thorough examination plays and essential role in the evaluation and definite diagnosis of different smoking related lung diseases beside being and easy, non-invasive and a non- time consuming method. So, we can conclude that is highly recommended for the diagnosis and follow up of smoking-related lung diseases and it is considered to be the best diagnostic modality
530 ## - ADDITIONAL PHYSICAL FORM AVAILABLE NOTE
Additional physical form available note Issued also as CD
653 #4 - INDEX TERM--UNCONTROLLED
Uncontrolled term HRCT
653 #4 - INDEX TERM--UNCONTROLLED
Uncontrolled term PLCH
653 #4 - INDEX TERM--UNCONTROLLED
Uncontrolled term RB-ILD
700 0# - ADDED ENTRY--PERSONAL NAME
Personal name Irene Mohamed Sabry ,
Relator term
700 0# - ADDED ENTRY--PERSONAL NAME
Personal name Yousriah Yahia Sabri ,
Relator term
856 ## - ELECTRONIC LOCATION AND ACCESS
Uniform Resource Identifier <a href="http://172.23.153.220/th.pdf">http://172.23.153.220/th.pdf</a>
905 ## - LOCAL DATA ELEMENT E, LDE (RLIN)
Cataloger Aml
Reviser Cataloger
905 ## - LOCAL DATA ELEMENT E, LDE (RLIN)
Cataloger Nazla
Reviser Revisor
942 ## - ADDED ENTRY ELEMENTS (KOHA)
Source of classification or shelving scheme Dewey Decimal Classification
Koha item type Thesis
المقتنيات
Source of classification or shelving scheme Not for loan Home library Current library Date acquired Full call number Barcode Date last seen Koha item type Copy number
Dewey Decimal Classification   المكتبة المركزبة الجديدة - جامعة القاهرة قاعة الرسائل الجامعية - الدور الاول 11.02.2024 Cai01.11.31.Ph.D.2015.Am.R 01010110067802000 22.09.2023 Thesis  
Dewey Decimal Classification   المكتبة المركزبة الجديدة - جامعة القاهرة مخـــزن الرســائل الجـــامعية - البدروم 11.02.2024 Cai01.11.31.Ph.D.2015.Am.R 01020110067802000 22.09.2023 CD - Rom 67802.CD
Cairo University Libraries Portal Implemented & Customized by: Eng. M. Mohamady Contacts: new-lib@cl.cu.edu.eg | cnul@cl.cu.edu.eg
CUCL logo CNUL logo
© All rights reserved — Cairo University Libraries
CUCL logo
Implemented & Customized by: Eng. M. Mohamady Contact: new-lib@cl.cu.edu.eg © All rights reserved — New Central Library
CNUL logo
Implemented & Customized by: Eng. M. Mohamady Contact: cnul@cl.cu.edu.eg © All rights reserved — Cairo National University Library